000 00837nam a2200229 i 4500
001 bg
100 1 _aSIEMIENIAKO, Dariusz
245 1 0 _aStrategia działania w niszach rynkowych :
_bzasady kształtowania i możliwości wykorzystania /
_cDariusz Siemieniako.
260 _aBiałystok :
_bDział Wydawnictw i Poligrafii PB,
_c2000.
300 _a134 s. ;
_c23 cm.
490 1 _aRozprawy Naukowe / Politechnika Białostocka,
_x0867-096X ;
_vnr 72
504 _aBibliogr.
650 9 _aPrzedsiębiorstwa małe i średnie
_xmarketing
_zPolska
_yod 1989 r.
650 9 _aRynek
_xteoria
655 _aPodręczniki
830 0 _aRozprawy Naukowe (Politechnika Białostocka) ;
_vnr 72
040 _cBPK
041 0 _apl
080 _a658.1/.5.011(438)"1989/...":339.13.001](07)
942 _cKS
008 s pl f |000 0 pol
999 _c42451
_d42451
856 _uhttp://koha.tu.koszalin.pl/cgi-bin/koha/opac-detail.pl?biblionumber=42451
_yKatalog online BPK